[Event "Pan American Amateur-ch"]
[Site "San Andres Islas"]
[Date "2014.08.30"]
[Round "9"]
[White "Aristizabal Lopez, Jorge Alberto"]
[Black "Chaux, Jesus David"]
[Result "1/2-1/2"]
[WhiteElo "1915"]
[BlackElo "1801"]
[PlyCount "44"]
[EventDate "2014.08.26"]
[EventType "swiss"]
[EventRounds "9"]
[EventCountry "COL"]
[SourceTitle "EXT 2016"]
[Source "ChessBase"]
[SourceDate "2015.10.08"]
[SourceVersion "1"]
[SourceVersionDate "2015.10.08"]
[SourceQuality "1"]

1. e4 c6 2. d4 d5 3. exd5 cxd5 4. Nf3 Bg4 5. h3 Bf5 6. Bd3 Bxd3 7. Qxd3 Qb6 8. 0-0 Nd7 9. Nc3 Ngf6 10. a3 a6 11. b4 e6 12. Ne2 Rc8 13. Bf4 Bd6 14. Bxd6 Qxd6 15. Rfc1 b5 16. Nd2 Nb6 17. Nb3 0-0 18. Nc5 Nc4 19. c3 e5 20. dxe5 Qxe5 21. a4 Qd6 22. axb5 axb5 1/2-1/2

[Event "Pan American Amateur-ch"]
[Site "San Andres Islas"]
[Date "2014.08.27"]
[Round "2"]
[White "Aristizabal Lopez, Jorge Alberto"]
[Black "Garcia Guevara, Nicolas Leonardo"]
[Result "1/2-1/2"]
[WhiteElo "1915"]
[BlackElo "1783"]
[PlyCount "108"]
[EventDate "2014.08.26"]
[EventType "swiss"]
[EventRounds "9"]
[EventCountry "COL"]
[SourceTitle "EXT 2016"]
[Source "ChessBase"]
[SourceDate "2015.10.08"]
[SourceVersion "1"]
[SourceVersionDate "2015.10.08"]
[SourceQuality "1"]

1. e4 c6 2. d4 d5 3. exd5 cxd5 4. Nf3 h6 5. Bd3 Nf6 6. 0-0 e6 7. Re1 Bd6 8. Be3 Qc7 9. Nbd2 Ng4 10. Nf1 Nxe3 11. Nxe3 0-0 12. c3 Nd7 13. Ng4 f5 14. Nge5 Nxe5 15. Nxe5 Bxe5 16. Rxe5 a6 17. Rc1 b5 18. a3 Bd7 19. Be2 Rac8 20. g4 Qd8 21. gxf5 Qg5+ 22. Kh1 Rxf5 23. Rxf5 Qxf5 24. f3 Rf8 25. Qd2 Be8 26. Rf1 Bh5 27. Kg2 Bg6 28. Rf2 Qf6 29. Kg3 Bf5 30. Rg2 Kh8 31. Qf4 Qg6+ 32. Kf2 Qxg2+ 33. Kxg2 Bh3+ 34. Kg3 Rxf4 35. Kxf4 g5+ 36. Ke5 Kg7 37. a4 bxa4 38. Bxa6 Kf7 39. Bb5 Bg2 40. f4 g4 41. Bxa4 h5 42. f5 h4 43. fxe6+ Ke7 44. Kf4 g3 45. h3 Bxh3 46. Kf3 Bxe6 47. Bb5 Bf5 48. Bf1 Be4+ 49. Kg4 g2 50. Bxg2 Bxg2 51. Kxh4 Kd6 52. b3 Bf1 53. Kg5 Bd3 54. Kf6 Bc2 1/2-1/2

[Event "Antioquia op"]
[Site "Medellin"]
[Date "2014.04.07"]
[Round "7"]
[White "Aristizabal Lopez, Jorge Alberto"]
[Black "Cespedes, Cesar Ivan"]
[Result "1-0"]
[WhiteElo "1879"]
[BlackElo "2106"]
[PlyCount "27"]
[EventDate "2014.04.03"]
[EventType "swiss"]
[EventRounds "7"]
[EventCountry "COL"]
[SourceTitle "CBM 159 Extra"]
[Source "ChessBase"]
[SourceDate "2014.04.24"]
[SourceVersion "1"]
[SourceVersionDate "2014.04.24"]
[SourceQuality "1"]

1. e4 e5 2. Nf3 Nc6 3. Bb5 a6 4. Ba4 Nf6 5. 0-0 Be7 6. Re1 0-0 7. Bxc6 bxc6 8. Nxe5 Re8 9. Nf3 Bc5 10. d4 Ba7 11. e5 Nd5 12. c4 Ne7 13. c5 d5 14. Bg5 1-0

[Event "Antioquia op"]
[Site "Medellin"]
[Date "2014.04.05"]
[Round "4"]
[White "Aristizabal Lopez, Jorge Alberto"]
[Black "Gutierrez, Maria Isabel"]
[Result "1-0"]
[WhiteElo "1879"]
[BlackElo "1484"]
[PlyCount "69"]
[EventDate "2014.04.03"]
[EventType "swiss"]
[EventRounds "7"]
[EventCountry "COL"]
[SourceTitle "CBM 159 Extra"]
[Source "ChessBase"]
[SourceDate "2014.04.24"]
[SourceVersion "1"]
[SourceVersionDate "2014.04.24"]
[SourceQuality "1"]

1. e4 e5 2. Nf3 Nc6 3. Bb5 Nf6 4. 0-0 d6 5. Re1 Bg4 6. d3 Qd7 7. Nbd2 a6 8. Ba4 b5 9. Bb3 Nd4 10. c3 Nxb3 11. Nxb3 Be7 12. Nbd2 0-0 13. Nf1 h6 14. h3 Bh5 15. Ng3 Bg6 16. Nh4 Nh7 17. Nhf5 Ng5 18. Bxg5 Bxg5 19. Qg4 Qe6 20. h4 Bd2 21. Rf1 h5 22. Nxh5 Bh6 23. Nhg3 Qf6 24. h5 Bh7 25. Nxh6+ Qxh6 26. f4 exf4 27. Qxf4 Qe6 28. Nf5 Rac8 29. Rf3 d5 30. h6 Bxf5 31. hxg7 Kxg7 32. exf5 Qb6+ 33. d4 Rh8 34. Qg5+ Kf8 35. f6 1-0

[Event "Medellin de Segunda Cat. Antioquia"]
[Site "Medellin"]
[Date "2014.03.21"]
[Round "3.7"]
[White "Aristizabal Lopez, Jorge Alberto"]
[Black "Agudelo Rodriguez, Carmen Emilia"]
[Result "1/2-1/2"]
[WhiteElo "1879"]
[BlackElo "1617"]
[PlyCount "117"]
[EventDate "2014.03.19"]
[EventType "swiss"]
[EventRounds "7"]
[EventCountry "COL"]
[SourceTitle "EXT 2024"]
[Source "ChessBase"]
[SourceDate "2023.10.10"]
[SourceVersion "1"]
[SourceVersionDate "2023.10.10"]
[SourceQuality "1"]

1. Nf3 g6 2. d4 Bg7 3. e4 d6 4. Be3 Nf6 5. Bd3 0-0 6. 0-0 Nbd7 7. Nc3 e5 8. d5 Ng4 9. Bd2 Nc5 10. h3 Nxd3 11. cxd3 Nf6 12. Rc1 a6 13. Bg5 h6 14. Be3 Re8 15. Re1 b5 16. a3 Bb7 17. Qb3 c6 18. dxc6 Bxc6 19. Nh2 d5 20. Ne2 Qd7 21. f3 Rac8 22. Qd1 Qb7 23. b4 Red8 24. Qb3 Bd7 25. Qb2 dxe4 26. dxe4 Ne8 27. Bc5 Be6 28. Nf1 Nd6 29. Bxd6 Rxd6 30. Nd2 Qb6+ 31. Kf1 Rcd8 32. Nb3 f5 33. Nc5 Bc4 34. Rxc4 bxc4 35. Nc3 fxe4 36. N3xe4 Rd1 37. Qc3 Rxe1+ 38. Kxe1 Rd4 39. Ke2 Bf8 40. Kf2 Bxc5 41. Nxc5 Qd6 42. Ne4 Qd8 43. Kg3 Kg7 44. Qc2 Qd5 45. Qa4 Qb5 46. Qc2 Rd3 47. Qb2 Rb3 48. Qd2 Rd3 49. Qb2 Qd5 50. Nc5 Rd2 51. Qc1 Rd1 52. Qe3 Kh7 53. Ne4 Qf7 54. Kf2 Rd3 55. Qc5 Rxa3 56. Qxe5 Kg8 57. Nf6+ Kf8 58. Nd5 Rd3 59. Qh8+ 1/2-1/2

[Event "COL-ch sf"]
[Site "Medellin"]
[Date "2014.??.??"]
[Round "8"]
[White "Dominguez Rincon, Miller Duvan"]
[Black "Aristizabal Lopez, Jorge Alberto"]
[Result "1-0"]
[WhiteElo "2056"]
[BlackElo "1879"]
[PlyCount "49"]
[EventDate "2014.04.15"]
[EventType "swiss"]
[EventRounds "11"]
[EventCountry "COL"]
[SourceTitle "CBM 160 Extra"]
[Source "ChessBase"]
[SourceDate "2014.07.01"]
[SourceVersion "1"]
[SourceVersionDate "2014.07.01"]
[SourceQuality "1"]

1. e4 Nf6 2. Nc3 d6 3. d4 g6 4. f4 Bg7 5. e5 dxe5 6. fxe5 Nd5 7. Bc4 e6 8. Nf3 a6 9. Bg5 Qd7 10. Ne4 0-0 11. Qd2 f6 12. exf6 Nxf6 13. Nxf6+ Bxf6 14. 0-0-0 b5 15. Bb3 Bb7 16. Rhe1 Bd5 17. Qe3 Kg7 18. Bh6+ Kf7 19. Bxf8 Kxf8 20. Ne5 Qd8 21. Rf1 Kg7 22. Kb1 Bxg2 23. Rf2 Bd5 24. Rdf1 Bg5 25. Rf7+ 1-0

[Event "COL-ch Seniors"]
[Site "Bucaramanga"]
[Date "2013.09.28"]
[Round "5"]
[White "Aristizabal Lopez, Jorge Alberto"]
[Black "Guerrero, Gabriel"]
[Result "0-1"]
[WhiteElo "1885"]
[BlackElo "1996"]
[PlyCount "51"]
[EventDate "2013.09.26"]
[EventType "swiss"]
[EventRounds "7"]
[EventCountry "COL"]
[SourceTitle "CBM 156 Extra"]
[Source "ChessBase"]
[SourceDate "2013.10.22"]
[SourceVersion "1"]
[SourceVersionDate "2013.10.22"]
[SourceQuality "1"]

1. e4 c5 2. Nf3 d6 3. d4 cxd4 4. Nxd4 g6 5. Nc3 Bg7 6. Be3 Nf6 7. f3 Nc6 8. Qd2 Bd7 9. 0-0-0 0-0 10. g4 Ne5 11. h4 Rc8 12. h5 Nc4 13. Bxc4 Rxc4 14. hxg6 fxg6 15. Nce2 Qa5 16. Bh6 Rf7 17. Bxg7 Kxg7 18. Nf4 g5 19. Nd5 h6 20. Qh2 Ng8 21. Qe2 b5 22. Ne3 Rxd4 23. Rxd4 a6 24. Nf5+ Bxf5 25. gxf5 Qxa2 26. Kd2 0-1

[Event "COL-ch Seniors"]
[Site "Bucaramanga"]
[Date "2013.09.28"]
[Round "6"]
[White "Munoz, Alvaro E"]
[Black "Aristizabal Lopez, Jorge Alberto"]
[Result "0-1"]
[WhiteElo "1664"]
[BlackElo "1885"]
[PlyCount "78"]
[EventDate "2013.09.26"]
[EventType "swiss"]
[EventRounds "7"]
[EventCountry "COL"]
[SourceTitle "CBM 156 Extra"]
[Source "ChessBase"]
[SourceDate "2013.10.22"]
[SourceVersion "1"]
[SourceVersionDate "2013.10.22"]
[SourceQuality "1"]

1. e4 c5 2. f4 Nc6 3. Nf3 d6 4. h3 g6 5. Bc4 Bg7 6. a3 e6 7. c3 a6 8. 0-0 Nge7 9. d3 0-0 10. Be3 b5 11. Ba2 b4 12. axb4 cxb4 13. d4 a5 14. Nbd2 d5 15. Bf2 dxe4 16. Nxe4 Nd5 17. Bxd5 exd5 18. Nc5 bxc3 19. bxc3 Re8 20. Ne5 Nxe5 21. fxe5 Bf5 22. Nd3 Bf8 23. Re1 Bxd3 24. Qxd3 a4 25. c4 dxc4 26. Qxc4 Qa5 27. d5 Rec8 28. Qe4 Bc5 29. Rf1 Qb4 30. Qxb4 Bxb4 31. Bd4 Bc5 32. Rfd1 Kf8 33. Kf2 Bxd4+ 34. Rxd4 Rc2+ 35. Kf3 a3 36. g4 a2 37. Kf4 Rb2 38. Kg5 Rb1 39. Rd1 Rxd1 0-1

[Event "COL-ch"]
[Site "Ibague"]
[Date "2013.07.07"]
[Round "11"]
[White "Dabraccio, Guillermo"]
[Black "Aristizabal Lopez, Jorge Alberto"]
[Result "1-0"]
[WhiteElo "1752"]
[BlackElo "1863"]
[PlyCount "83"]
[EventDate "2013.07.01"]
[EventType "swiss"]
[EventRounds "11"]
[EventCountry "COL"]
[SourceTitle "EXT 2014"]
[Source "ChessBase"]
[SourceDate "2013.11.20"]
[SourceVersion "1"]
[SourceVersionDate "2013.11.20"]
[SourceQuality "1"]

1. d4 d5 2. Bf4 Nf6 3. Nf3 e6 4. e3 Be7 5. h3 0-0 6. Be2 b6 7. 0-0 Ba6 8. Bxa6 Nxa6 9. Ne5 c5 10. c3 Nb8 11. Nd2 Nfd7 12. Ndf3 f6 13. Nxd7 Qxd7 14. Re1 Nc6 15. a3 Rad8 16. b4 c4 17. a4 g5 18. Bh2 f5 19. Re2 Bf6 20. a5 b5 21. a6 h5 22. Ne5 Bxe5 23. Bxe5 Nxe5 24. dxe5 Qc7 25. Qd4 Rb8 26. Ra5 Kf7 27. Rb2 Rfe8 28. f4 g4 29. hxg4 hxg4 30. Rb1 Kg6 31. g3 Qh7 32. Qd2 Rh8 33. Qg2 Qd7 34. Kf2 Rh3 35. Rh1 Rbh8 36. Rxh3 Rxh3 37. Kg1 Rh8 38. Qd2 Rb8 39. Qh2 Qe7 40. Ra2 Rb6 41. Qh8 Qh7 42. Qf6+ 1-0

[Event "COL-ch"]
[Site "Ibague"]
[Date "2013.07.03"]
[Round "4"]
[White "Aristizabal Lopez, Jorge Alberto"]
[Black "Cespedes, Cesar Ivan"]
[Result "1/2-1/2"]
[WhiteElo "1863"]
[BlackElo "2111"]
[PlyCount "28"]
[EventDate "2013.07.01"]
[EventType "swiss"]
[EventRounds "11"]
[EventCountry "COL"]
[SourceTitle "EXT 2014"]
[Source "ChessBase"]
[SourceDate "2013.11.20"]
[SourceVersion "1"]
[SourceVersionDate "2013.11.20"]
[SourceQuality "1"]

1. e4 e6 2. d4 d5 3. exd5 exd5 4. Nf3 Nf6 5. Bd3 Bd6 6. Bg5 h6 7. Bh4 Bg4 8. Nbd2 Nbd7 9. 0-0 0-0 10. Re1 c6 11. c3 Qc7 12. Nf1 Rfe8 13. Rxe8+ Rxe8 14. Bg3 Ne4 1/2-1/2

[Event "Pan American-ch"]
[Site "Cartagena"]
[Date "2012.07.04"]
[Round "2"]
[White "Aristizabal Lopez, Jorge Alberto"]
[Black "Contreras Acevedo, Andrea Julia"]
[Result "1-0"]
[WhiteElo "1863"]
[BlackElo "1534"]
[PlyCount "57"]
[EventDate "2012.07.04"]
[EventType "swiss"]
[EventRounds "9"]
[EventCountry "COL"]
[SourceTitle "CBM 149 Extra"]
[Source "ChessBase"]
[SourceDate "2012.08.24"]
[SourceVersion "1"]
[SourceVersionDate "2012.08.24"]
[SourceQuality "1"]

1. e4 c5 2. Nf3 d6 3. d4 cxd4 4. Nxd4 Nf6 5. Nc3 a6 6. Be3 e6 7. f3 Be7 8. Qd2 0-0 9. g4 Nbd7 10. 0-0-0 Qc7 11. h4 b5 12. h5 Bb7 13. g5 Ne8 14. g6 Nef6 15. gxf7+ Kxf7 16. Bh3 e5 17. Ne6 Qc6 18. Nxf8 Bxf8 19. Nd5 Nxd5 20. exd5 Qc7 21. Be6+ Ke8 22. Qd3 Nc5 23. Bxc5 Qxc5 24. Qxh7 Qe3+ 25. Kb1 Qh6 26. Qf5 Qf6 27. Qxf6 gxf6 28. h6 Ke7 29. Rdg1 1-0